[Event "36th Reykjavik op"]
[Site "Reykjavik ISL"]
[Date "2023.04.03"]
[Round "8.80"]
[White "Heldenbergh, Nils"]
[Black "Van Staden, Mildo"]
[WhiteElo "2141"]
[BlackElo "1856"]
[Result "1/2-1/2"]
[EventDate "2023.03.29"]
[PlyCount "53"]

1. e4 d5 2. exd5 Qxd5 3. Nc3 Qd6 4. d4 a6 5. Bc4 Nf6 6. Bb3 Bg4 7. f3 Bh5 8. Nge2
Nc6 9. Bf4 Qd7 10. g4 Bg6 11. h4 h6 12. h5 Bh7 13. Qd2 e6 14. O-O-O O-O-O 15. Rhe1
Bd6 16. Kb1 e5 17. dxe5 Bxe5 18. Bxe5 Qxd2 19. Rxd2 Nxe5 20. Rxd8+ Rxd8 21. Ng1 Re8
22. Nd5 Nxd5 23. Bxd5 Rd8 24. Bb3 f6 25. f4 Nc6 26. Nf3 Nd4 27. Nxd4  1/2-1/2

[Event "36th Reykjavik op"]
[Site "Reykjavik ISL"]
[Date "2023.04.03"]
[Round "8.83"]
[White "Horan, George"]
[Black "Briem, Benedikt"]
[WhiteElo "1729"]
[BlackElo "2127"]
[Result "0-1"]
[EventDate "2023.03.29"]
[PlyCount "53"]

1. d4 d5 2. c4 e6 3. Nf3 c6 4. b3 f5 5. g3 Nf6 6. Bg2 Bd6 7. O-O O-O 8. Bf4 b6 9.
Nbd2 Ne4 10. Qc2 Ba6 11. Bxd6 Qxd6 12. Nxe4 fxe4 13. c5 bxc5 14. dxc5 Qe7 15. Ne5
Qg5 16. f4 exf3 17. Nxf3 Qe3+ 18. Kh1 Nd7 19. b4 e5 20. Qd2 Rxf3 21. Qxe3 Rxe3 22.
Bh3 Nf6 23. Be6+ Kh8 24. g4 Bxe2 25. g5 Bxf1 26. gxf6 Bh3 27. Bxh3  0-1

[Event "36th Reykjavik op"]
[Site "Reykjavik ISL"]
[Date "2023.04.03"]
[Round "8.85"]
[White "Arian, Tomer"]
[Black "Heimisson, Hilmir Freyr"]
[WhiteElo "1644"]
[BlackElo "2351"]
[Result "0-1"]
[EventDate "2023.03.29"]
[PlyCount "85"]

1. e4 e6 2. d4 d5 3. Nd2 Be7 4. e5 c5 5. c3 cxd4 6. cxd4 Qb6 7. Ngf3 Bd7 8. Bd3 Bb5
9. Bxb5+ Qxb5 10. a4 Qd3 11. Qb3 Qxb3 12. Nxb3 Nc6 13. O-O h5 14. a5 Nh6 15. Nc5
Nxd4 16. Nxb7 Nxf3+ 17. gxf3 Nf5 18. a6 Kd7 19. Be3 Rhc8 20. Rfb1 f6 21. f4 fxe5
22. fxe5 Nxe3 23. fxe3 Rc4 24. Ra5 Rac8 25. Rb5 Rg4+ 26. Kh1 Rc2 27. Na5 Rh4 28.
Rb7+ Ke8 29. Rb8+ Kf7 30. Rf1+ Kg6 31. Rg1+ Bg5 32. Rg2 Rc1+ 33. Rg1 Rxg1+ 34. Kxg1
Bxe3+ 35. Kg2 Ra4 36. Rb5 Kf5 37. Kf3 Bg1 38. Kg2 Rg4+ 39. Kf3 d4 40. Nc4 d3 41.
Nd6+ Kg6 42. Rb3 Rd4 43. Ne4  0-1

[Event "36th Reykjavik op"]
[Site "Reykjavik ISL"]
[Date "2023.04.03"]
[Round "8.87"]
[White "Pigott, John"]
[Black "Schaefer, Kay"]
[WhiteElo "2361"]
[BlackElo "1919"]
[Result "1-0"]
[EventDate "2023.03.29"]
[PlyCount "61"]

1. e4 c5 2. Nf3 a6 3. c3 g6 4. d4 cxd4 5. Qxd4 Nf6 6. e5 Nc6 7. Qh4 Nh5 8. Be2 Ng7
9. O-O Qc7 10. Qe4 Ne6 11. Re1 Bg7 12. Bf1 O-O 13. c4 Nc5 14. Qe2 b5 15. Nc3 bxc4
16. Qxc4 Ne6 17. Nd5 Qb8 18. b4 Re8 19. Bb2 Qa7 20. Rad1 Bb7 21. Nf4 Rad8 22. a4
Nb8 23. Nd5 d6 24. Qb3 dxe5 25. Nxe5 Ba8 26. Nxf7 Rxd5 27. Rxd5 Rf8 28. Rd2 Nf4 29.
Nh6+ Kh8 30. Qg8+ Rxg8 31. Nf7#  1-0

[Event "36th Reykjavik op"]
[Site "Reykjavik ISL"]
[Date "2023.04.03"]
[Round "8.88"]
[White "Trimitzios, Petros"]
[Black "Skarphedinsson, Ingvar Wu"]
[WhiteElo "2358"]
[BlackElo "1882"]
[Result "1-0"]
[EventDate "2023.03.29"]
[PlyCount "63"]

1. Nf3 Nf6 2. b3 g6 3. Bb2 Bg7 4. g3 d6 5. d4 O-O 6. Bg2 c5 7. O-O Nc6 8. d5 Nb4
9. c4 Bf5 10. a3 Na6 11. Nbd2 Rb8 12. Nh4 Bg4 13. h3 Bd7 14. Qc2 b5 15. Bc3 Qc7 16.
e4 b4 17. axb4 Nxb4 18. Qd1 Rb7 19. f4 Ra8 20. Re1 a5 21. e5 Nh5 22. Nf1 Qc8 23.
Kh2 a4 24. bxa4 Rba7 25. a5 Rxa5 26. Rxa5 Rxa5 27. Bd2 Bh8 28. g4 Ng7 29. Ng3 Ra2
30. exd6 exd6 31. Re4 (31. Ne4 Ne8 32. Bc3 Bxc3 33. Nxc3 Rc2 34. Re3 Qd8 35. Kg3
Qf6 36. Qe1 Qd4 37. Bf1 Nf6 38. Nf3 Qxc3 39. Rxc3 Rxc3 40. Qe7 Kg7 41. Kg2 Rc2+ 42.
Kg1 h6 43. g5 hxg5 44. fxg5 Nh5 45. Qxd7 Ng3 46. Qxd6 Nxf1 47. Qf6+ Kg8 48. Ne5)
31... Ne8 32. Bc3  1-0

[Event "36th Reykjavik op"]
[Site "Reykjavik ISL"]
[Date "2023.04.03"]
[Round "8.89"]
[White "Cederstam, Carl"]
[Black "Carey, Michael"]
[WhiteElo "2255"]
[BlackElo "1852"]
[Result "1-0"]
[EventDate "2023.03.29"]
[PlyCount "81"]

1. d4 Nf6 2. c4 c5 3. d5 b5 4. cxb5 a6 5. bxa6 g6 6. Nc3 Bg7 7. e4 O-O 8. a7 Rxa7
9. Nf3 e6 10. Be2 exd5 11. exd5 d6 12. O-O Na6 13. a4 Nb4 14. Bf4 Re8 15. Bb5 Ree7
16. Bc4 Ne4 17. Qc1 Ba6 18. Nb5 Bxb5 19. axb5 Rxa1 20. Qxa1 h6 21. h4 Nf6 22. Qc1
Kh7 23. Rd1 Ne4 24. g3 Re8 25. Nd2 Nf6 26. Nb1 Ng4 27. Nc3 Ne5 28. Be2 Qd7 29. Kg2
Qf5 30. Qb1 Qd7 31. h5 Kh8 32. hxg6 Nxg6 33. Be3 Qb7 34. Qc1 Kh7 35. Bf3 f5 36. Rh1
f4 37. gxf4 Qf7 38. Ne4 Qf5 39. Nxd6 Nh4+ 40. Rxh4 Qg6+ 41. Rg4  1-0

[Event "36th Reykjavik op"]
[Site "Reykjavik ISL"]
[Date "2023.04.03"]
[Round "8.90"]
[White "Terhuven, Patrick"]
[Black "Acevedo Mendez, Lisseth"]
[WhiteElo "2180"]
[BlackElo "1816"]
[Result "1-0"]
[EventDate "2023.03.29"]
[PlyCount "111"]

1. Nf3 Nf6 2. g3 g6 3. b3 Bg7 4. Bb2 d6 5. d4 O-O 6. Bg2 Nbd7 7. O-O c6 8. c4 Qc7
9. Nc3 d5 10. Rc1 Qa5 11. cxd5 Nxd5 12. Nxd5 Qxd5 13. Qd3 Qa5 14. a4 Nf6 15. e4 Be6
16. Ba3 Rfe8 17. Rc5 Qd8 18. Ng5 Bc8 19. e5 Nd5 20. e6 fxe6 21. Bb2 Rf8 22. f4 Rf5
23. Qe4 Qd6 24. Rc2 h6 25. Nf3 Nb4 26. Rd2 Qd5 27. Qe3 Qa5 28. Bh3 Nd5 29. Qd3 Rf6
30. Ne5 Qb4 31. Re2 a5 32. Nxg6 Ra6 33. Ne5 Rb6 34. Rf3 Qd6 35. Nc4 Qc7 36. Nxb6
Qxb6 37. Qc4 Bd7 38. Rf1 h5 39. Rfe1 h4 40. Bxe6+ Bxe6 41. Rxe6 hxg3 42. hxg3 Qb4
43. Rxe7 Rg6 44. Qxb4 axb4 45. Re8+ Kh7 46. Kf2 Bf6 47. Rh1+ Kg7 48. Rb8 b6 49. Rc8
Ne7 50. Rc7 Kf8 51. Rh7 Rg7 52. Rxg7 Bxg7 53. Kf3 c5 54. dxc5 Bxb2 55. cxb6 Nd5 56.
b7  1-0

[Event "36th Reykjavik op"]
[Site "Reykjavik ISL"]
[Date "2023.04.03"]
[Round "8.91"]
[White "Jansen, Jesper Billeskov"]
[Black "Johannsson, Birkir Isak"]
[WhiteElo "1928"]
[BlackElo "2171"]
[Result "0-1"]
[EventDate "2023.03.29"]
[PlyCount "110"]

1. e4 c5 2. Nf3 d6 3. d4 cxd4 4. Nxd4 Nf6 5. Nc3 a6 6. Bg5 Nbd7 7. f4 Qc7 8. Qf3
h6 9. Bh4 g5 10. fxg5 hxg5 11. Bxg5 Qc5 12. Bxf6 Nxf6 13. Nf5 e6 14. Ng3 Nd7 15.
O-O-O Ne5 16. Qf6 Qe3+ 17. Rd2 Rh6 18. Qf2 Qxf2 19. Rxf2 Ng4 20. Rd2 Rg6 21. Kb1
Bd7 22. Be2 Bc6 23. Bxg4 Rxg4 24. Rf1 Rh4 25. Rdf2 Rh7 26. h3 Be7 27. Nge2 b5 28.
Nd4 Bb7 29. a3 Rc8 30. Rf3 Rc4 31. Rd3 Rh6 32. g4 Bf6 33. Nde2 Be5 34. Rdf3 Rh7 35.
Re3 Ke7 36. Kc1 Rc8 37. Kb1 Rch8 38. Rh1 Rg8 39. Ng3 Rc8 40. Nh5 Rc4 41. Rhe1 Bc6
42. Nd1 Be8 43. Rf1 a5 44. Nf4 Bc6 45. Nd3 Bxe4 46. Nxe5 Bxc2+ 47. Ka2 dxe5 48. Rxe5
Rc7 49. Ne3 Bd3 50. Rf3 Kd6 51. Rg5 Be4 52. Rf4 Bc6 53. Rd4+ Ke7 54. Rd3 Rxh3 55.
Nd5+ Bxd5+  0-1

[Event "36th Reykjavik op"]
[Site "Reykjavik ISL"]
[Date "2023.04.03"]
[Round "8.92"]
[White "Doran, Chris"]
[Black "Kunz, Andre"]
[WhiteElo "1918"]
[BlackElo "2140"]
[Result "0-1"]
[EventDate "2023.03.29"]
[PlyCount "66"]

1. e4 c6 2. d4 d5 3. e5 Bf5 4. h4 h5 5. c4 e6 6. Nc3 Ne7 7. Nge2 Nd7 8. Ng3 Bg6 9.
cxd5 Nxd5 10. Bd3 Nxe5 11. Bxg6 Nxg6 12. Bg5 Be7 13. Nge4 Qa5 14. Bxe7 Kxe7 15. Qd2
Nf6 16. Nc5 Qc7 17. g3 Rad8 18. O-O-O b6 19. N5e4 Rd7 20. Kb1 Rhd8 21. Qe3 a5 22.
f4 Ng4 23. Qd2 Kf8 24. Rhf1 Ne7 25. Ng5 Nf5 26. Rfe1 Rxd4 27. Qc2 Rxd1+ 28. Nxd1
Qd6 29. Ne4 Qd3 30. Kc1 Nxg3 31. Qxc6 Nxe4 32. Qxe4 Qxe4 33. Rxe4 Rxd1+  0-1

[Event "36th Reykjavik op"]
[Site "Reykjavik ISL"]
[Date "2023.04.03"]
[Round "8.93"]
[White "Goh, Jinghan Cameron"]
[Black "Krivenko, Dion"]
[WhiteElo "1899"]
[BlackElo "2136"]
[Result "1-0"]
[EventDate "2023.03.29"]
[PlyCount "141"]

1. e4 d5 2. exd5 Qxd5 3. Nf3 Nc6 4. Nc3 Qa5 5. Bc4 Bg4 6. d4 O-O-O 7. Be3 Nf6 8.
O-O e5 9. d5 Nb4 10. h3 Nbxd5 11. Nxd5 Nxd5 12. Bd2 Bb4 13. hxg4 Nb6 14. c3 Nxc4
15. cxb4 Qd5 16. Bg5 f6 17. Qxd5 Rxd5 18. Bc1 h5 19. b3 Nd6 20. g5 e4 21. Nh2 fxg5
22. Be3 g4 23. Rfd1 Rf5 24. Rac1 Kd7 25. Rc5 g6 26. Nf1 b6 27. Rc4 Re8 28. Ng3 Rfe5
29. Bf4 R5e6 30. b5 h4 31. Nf1 g3 32. fxg3 e3 33. Nxe3 hxg3 34. Nf1 Re2 35. a4 Rb2
36. Nxg3 Rxb3 37. Ne4 Ke6 38. Nxd6 cxd6 39. Re4+ Kf7 40. Rxe8 Kxe8 41. Bxd6 Rb2 42.
Rd4 Re2 43. Bb8 Re7 44. Kf2 Rb7 45. Bf4 Ke7 46. Kf3 Ke6 47. Rd6+ Kf7 48. Kg4 Re7
49. Rd4 Re2 50. g3 Ke7 51. Kg5 Re6 52. Rc4 Kd8 53. Rc7 Re4 54. Rxa7 Kc8 55. Ra8+
Kb7 56. Ra6 Rb4 57. Kxg6 Rb3 58. Kf5 Rb1 59. g4 Rb3 60. g5 Rb1 61. Be3 Rb3 62. Bxb6
Rf3+ 63. Kg6 Rb3 64. Bc5 Rb1 65. Ra7+ Kb8 66. Rf7 Ka8 67. Rf4 Rb3 68. Be7 Kb7 69.
Kf7 Rg3 70. g6 Ka8 71. g7  1-0

[Event "36th Reykjavik op"]
[Site "Reykjavik ISL"]
[Date "2023.04.03"]
[Round "8.94"]
[White "Loncke, Matthieu"]
[Black "Sigurthorsson, Kristinn J"]
[WhiteElo "2108"]
[BlackElo "1808"]
[Result "1-0"]
[EventDate "2023.03.29"]
[PlyCount "149"]

1. d4 c5 2. d5 Nf6 3. c4 g6 4. Nc3 Bg7 5. Nf3 O-O 6. h3 d6 7. Bf4 Na6 8. e3 Bd7 9.
Be2 Nc7 10. a4 Rb8 11. O-O a6 12. a5 b5 13. axb6 Rxb6 14. Ra2 Re8 15. Nd2 Qc8 16.
Bf3 e6 17. e4 e5 18. Be3 h5 19. Na4 Rb8 20. Qc2 Nh7 21. Be2 Rf8 22. Nc3 f5 23. exf5
gxf5 24. f4 e4 25. Bxh5 Rf6 26. Kf2 Rh6 27. Bd1 Qd8 28. Rh1 Bd4 29. Nf1 Rg6 30. g3
Qf6 31. Ra3 Qg7 32. Rg1 Rb4 33. Be2 Qh6 34. Qd2 Qg7 35. Ra2 Rh6 36. Rh1 Nf6 37. Kg2
Nh5 38. Bxh5 Rxh5 39. Bxd4 Qxd4 40. Qe2 Rh7 41. Ne3 Qf6 42. Qc2 Rg7 43. Ne2 Rb8 44.
Qc3 Qh6 45. Rc1 Kh7 46. Rh1 Kg8 47. b3 Rf8 48. Raa1 Rf6 49. Rag1 Rfg6 50. Kf2 Ne8
51. g4 Qh4+ 52. Kf1 Nf6 53. g5 Nh7 54. Qe1 Qh5 55. Ng3 Qh4 56. Ne2 Qh5 57. Qf2 Nxg5
58. fxg5 Rxg5 59. Nf4 Qh6 60. Rxg5 Rxg5 61. h4 Rg7 62. Rg1 Kf7 63. Rxg7+ Qxg7 64.
h5 Qa1+ 65. Kg2 Qf6 66. Qg3 Qb2+ 67. Kh3 Qf6 68. Qg6+ Qxg6 69. hxg6+ Kf6 70. Kh4
Be8 71. Kh5 Ke5 72. Kg5 Kd4 73. Nxf5+ Kc3 74. g7 Bf7 75. Nh6  1-0

[Event "36th Reykjavik op"]
[Site "Reykjavik ISL"]
[Date "2023.04.03"]
[Round "8.96"]
[White "Cuvelier, Annelies"]
[Black "Hayes, Peter"]
[WhiteElo "1875"]
[BlackElo "2075"]
[Result "1/2-1/2"]
[EventDate "2023.03.29"]
[PlyCount "148"]

1. e4 e6 2. d4 d5 3. exd5 exd5 4. Bd3 Nc6 5. c3 Bd6 6. Qf3 Nce7 7. Ne2 Nf6 8. h3
h6 9. Bf4 O-O 10. Bxh6 Ne4 11. Bf4 Ng6 12. Bxd6 Qxd6 13. O-O Bd7 14. Bxe4 dxe4 15.
Qg3 Qb6 16. b3 f5 17. Nf4 Nxf4 18. Qxf4 Bb5 19. Re1 Bd3 20. Nd2 c5 21. dxc5 Qxc5
22. c4 a5 23. Qe3 Qb4 24. Nf1 a4 25. Qd2 Qc5 26. Qe3 Qc7 27. Rec1 Qe5 28. b4 Bxc4
29. Qc5 Qxc5 30. bxc5 Bxf1 31. Kxf1 Rfc8 32. Rc4 b5 33. Rc2 b4 34. Rb1 Rab8 35. Ke2
b3 36. axb3 Rxb3 37. Rxb3 axb3 38. Rb2 f4 39. Rxb3 Rxc5 40. Kd2 Kf7 41. Rb4 Rd5+
42. Ke2 Re5 43. f3 exf3+ 44. Kxf3 g5 45. Kg4 Kg6 46. Rb6+ Kg7 47. Kh5 Rd5 48. Rg6+
Kh7 49. Rxg5 Rd2 50. Rg4 Rd5+ 51. Kh4 Rf5 52. Rg5 Rf6 53. Kg4 f3 54. gxf3 Rb6 55.
f4 Kh6 56. Rh5+ Kg6 57. f5+ Kg7 58. Kg5 Rb5 59. Rh4 Rb1 60. Re4 Rg1+ 61. Rg4 Rf1
62. h4 Rf2 63. Re4 Rg2+ 64. Kf4 Kf6 65. Re6+ Kf7 66. h5 Rg1 67. h6 Rf1+ 68. Ke5 Re1+
69. Kd6 Rd1+ 70. Kc7 Rf1 71. h7 Kg7 72. Rh6 Kh8 73. f6 Rd1 74. Kc8 Rd8+  1/2-1/2

[Event "36th Reykjavik op"]
[Site "Reykjavik ISL"]
[Date "2023.04.03"]
[Round "8.97"]
[White "Jones, Craig"]
[Black "Grose, Kameron"]
[WhiteElo "2075"]
[BlackElo "1800"]
[Result "1/2-1/2"]
[EventDate "2023.03.29"]
[PlyCount "43"]

1. Nf3 d5 2. g3 g6 3. Bg2 Bg7 4. d4 c6 5. O-O Nf6 6. c4 dxc4 7. Na3 b5 8. b3 cxb3
9. axb3 Qb6 10. Bd2 O-O 11. Bb4 Re8 12. Rc1 Na6 13. Bd2 Bb7 14. Qe1 Qd8 15. e3 Qd6
16. Nb1 Ne4 17. Nc3 Nxc3 18. Bxc3 c5 19. dxc5 Nxc5 20. Bb4 Rac8 21. Bxc5 Rxc5 22.
Qa5  1/2-1/2

[Event "36th Reykjavik op"]
[Site "Reykjavik ISL"]
[Date "2023.04.03"]
[Round "8.98"]
[White "Harnett, Robert J"]
[Black "Halldorsson, Bragi"]
[WhiteElo "1861"]
[BlackElo "2067"]
[Result "1/2-1/2"]
[EventDate "2023.03.29"]
[PlyCount "115"]

1. f4 d5 2. Nf3 g6 3. e3 Bg7 4. d4 e6 5. b3 Ne7 6. Bb2 O-O 7. Bd3 c5 8. c3 b6 9.
O-O Ba6 10. Bxa6 Nxa6 11. Qe2 Nb8 12. Nbd2 Nd7 13. Rad1 Qc7 14. Rf2 Rfd8 15. Rdf1
Nf6 16. Ne5 Nf5 17. g4 Nd6 18. Rg2 Nfe4 19. Nxe4 Nxe4 20. f5 f6 21. Nf3 exf5 22.
gxf5 g5 23. Qe1 Re8 24. h4 h6 25. Nh2 c4 26. Qd1 a5 27. bxc4 Qxc4 28. hxg5 hxg5 29.
Qh5 Qc7 30. Ng4 Qf7 31. Qh3 Nd6 32. Rh2 Nc4 33. Bc1 Kf8 34. Kf2 Ke7 35. Qg3 Kd7 36.
Rh7 Rh8 37. Rfh1 Nd6 38. Ke1 Rxh7 39. Rxh7 Nxf5 40. Qf3 Qe6 41. Rxg7+ Nxg7 42. Nxf6+
Kd8 43. Nxd5 g4 44. Qf8+ Ne8 45. Ba3 Ra7 46. c4 Rf7 47. Qh8 Qf5 48. Qh4+ Kd7 49.
Nxb6+ Kc6 50. d5+ Kb7 51. Qd8 Qb1+ 52. Ke2 Qxa2+ 53. Ke1 Qb1+ 54. Ke2 Qa2+ 55. Ke1
Qxa3 56. Qxe8 Re7 57. Qc6+ Ka7 58. Nc8+  1/2-1/2

[Event "36th Reykjavik op"]
[Site "Reykjavik ISL"]
[Date "2023.04.03"]
[Round "8.99"]
[White "Ostensson, Julia"]
[Black "Hari, Charan Sai Kalluri"]
[WhiteElo "1822"]
[BlackElo "2066"]
[Result "0-1"]
[EventDate "2023.03.29"]
[PlyCount "60"]

1. e4 c5 2. Nf3 d6 3. Bb5+ Bd7 4. Bxd7+ Qxd7 5. c4 Nc6 6. Nc3 g6 7. d4 cxd4 8. Nxd4
Bg7 9. Be3 Nf6 10. f3 O-O 11. Rc1 Ne8 12. Nde2 f5 13. exf5 Qxf5 14. O-O Kh8 15. Ng3
Qd7 16. Qd2 Nc7 17. f4 Rad8 18. Rcd1 e6 19. Nge4 d5 20. Bc5 Rg8 21. cxd5 exd5 22.
Nd6 b6 23. Ba3 Nd4 24. f5 gxf5 25. Qf2 Nce6 26. Nxd5 Rgf8 27. Nc3 Qc6 28. Rfe1 Rf6
29. Rxe6 Nxe6 30. Nf7+ Rxf7  0-1

[Event "36th Reykjavik op"]
[Site "Reykjavik ISL"]
[Date "2023.04.03"]
[Round "8.100"]
[White "Sigurdsson, Smari"]
[Black "Kakulidis, Ellen"]
[WhiteElo "1807"]
[BlackElo "2046"]
[Result "0-1"]
[EventDate "2023.03.29"]
[PlyCount "50"]

1. e4 c5 2. Nf3 d6 3. d4 cxd4 4. Nxd4 Nf6 5. Nc3 a6 6. Bg5 Nbd7 7. f4 Qa5 8. Qf3
h6 9. Bh4 e5 10. Nb3 Qc7 11. f5 b5 12. a3 Bb7 13. Be2 Be7 14. Bf2 d5 15. Nxd5 Nxd5
16. exd5 Nf6 17. Rd1 Rd8 18. Rd2 Bxd5 19. Qe3 O-O 20. O-O Be4 21. Bd3 Bxd3 22. cxd3
Nd5 23. Qe4 Bg5 24. Bc5 Bxd2 25. Bxf8 Be3+  0-1

[Event "36th Reykjavik op"]
[Site "Reykjavik ISL"]
[Date "2023.04.03"]
[Round "8.101"]
[White "Pagan, Jonathan"]
[Black "Kane, Robert"]
[WhiteElo "2042"]
[BlackElo "1745"]
[Result "1-0"]
[EventDate "2023.03.29"]
[PlyCount "87"]

1. e4 c5 2. Nf3 Nc6 3. Bb5 Na5 4. c3 a6 5. Ba4 b5 6. Bc2 d6 7. O-O Bb7 8. Re1 e5
9. d4 Qc7 10. d5 Nf6 11. b3 g6 12. Nbd2 Bg7 13. Nf1 O-O 14. Ng3 Bc8 15. h3 Bd7 16.
Be3 Nb7 17. Qd2 Nxe4 18. Bxe4 f5 19. Bh6 fxe4 20. Rxe4 Nd8 21. Rh4 Nf7 22. Bxg7 Kxg7
23. Ng5 h5 24. Nxf7 Kxf7 25. Rf1 Qd8 26. Re4 h4 27. Ne2 Bf5 28. Re3 g5 29. Kh2 Rh8
30. b4 c4 31. a4 Qf6 32. Rf3 e4 33. Re3 g4 34. hxg4 Bxg4 35. f3 Bf5 36. fxe4 Qe5+
37. Kg1 Rh5 38. Nd4 h3 39. Rxh3 Rah8 40. Rxh5 Rxh5 41. Rxf5+ Rxf5 42. exf5 Qxd5 43.
axb5 axb5 44. Qh6  1-0

[Event "36th Reykjavik op"]
[Site "Reykjavik ISL"]
[Date "2023.04.03"]
[Round "8.102"]
[White "Fresow, Boris"]
[Black "Diaz, Franck"]
[WhiteElo "1804"]
[BlackElo "2035"]
[Result "1/2-1/2"]
[EventDate "2023.03.29"]
[PlyCount "128"]

1. c4 c6 2. g3 d5 3. Nf3 Nf6 4. Bg2 e6 5. O-O Bd6 6. b3 Qe7 7. Bb2 O-O 8. d4 Ne4
9. Nbd2 f5 10. Ne1 b6 11. Nd3 Bb7 12. Rc1 Nd7 13. Nf3 c5 14. Nde5 Rad8 15. Qc2 cxd4
16. Bxd4 Nxe5 17. Bxe5 dxc4 18. Bxd6 Rxd6 19. Qxc4 Rc8 20. Qa4 Rdc6 21. Rxc6 Bxc6
22. Qc4 Bb7 23. Qd3 Rd8 24. Qe3 e5 25. Qc1 Ba6 26. Qb2 Re8 27. Rd1 Qc5 28. e3 Bb5
29. b4 Qc3 30. Qxc3 Nxc3 31. Rd2 g6 32. Bf1 Bxf1 33. Kxf1 e4 34. Nd4 a5 35. bxa5
bxa5 36. Rc2 Na4 37. Nc6 Ra8 38. Rc4 Nb2 39. Rc5 a4 40. Ra5 Rxa5 41. Nxa5 Nd3 42.
a3 Kf7 43. Nc4 Ke6 44. Ke2 g5 45. Nb6 Nc5 46. Kd2 h5 47. h4 gxh4 48. gxh4 Kd6 49.
Nc4+ Kd5 50. Nb2 Nd7 51. Nxa4 Ne5 52. Nc3+ Kc5 53. Ne2 Nf3+ 54. Kc3 Nxh4 55. Nf4
Nf3 56. Nxh5 Ne5 57. Ng3 Ng4 58. Nxf5 Nxf2 59. a4 Ng4 60. Kb3 Nf6 61. Nd4 Nd5 62.
Nc2 Nb6 63. a5 Nd5 64. Ka4 Nc3+  1/2-1/2

[Event "36th Reykjavik op"]
[Site "Reykjavik ISL"]
[Date "2023.04.03"]
[Round "8.103"]
[White "Zhou, Lepu Coco"]
[Black "Qiu, Peter Yong"]
[WhiteElo "2034"]
[BlackElo "1729"]
[Result "1/2-1/2"]
[EventDate "2023.03.29"]
[PlyCount "107"]

1. e4 e5 2. Nf3 Nc6 3. d4 exd4 4. Nxd4 Nf6 5. Nc3 Bb4 6. Nxc6 Bxc3+ 7. bxc3 dxc6
8. Qxd8+ Kxd8 9. Bd3 c5 10. Be3 b6 11. O-O-O Ke8 12. e5 Nd7 13. Be4 Rb8 14. Bc6 Ke7
15. Bg5+ f6 16. exf6+ Nxf6 17. Rhe1+ Kf7 18. Bf4 Bb7 19. Bb5 Rbd8 20. Rxd8 Rxd8 21.
Bxc7 Rc8 22. Bd6 Ne4 23. Be5 Bd5 24. f3 Nf6 25. Bd6 Be6 26. Ba6 Rd8 27. Bc7 Rd7 28.
Bg3 Nh5 29. Bc8 Re7 30. Bxe6+ Rxe6 31. Rxe6 Kxe6 32. Bb8 a6 33. Ba7 Nf4 34. g3 Nd5
35. c4 Ne3 36. Bxb6 Kd6 37. Bd8 Nxc4 38. c3 Kd5 39. Kc2 h6 40. Be7 g6 41. h3 Ne3+
42. Kd3 Nf5 43. c4+ Ke6 44. Bxc5 Nxg3 45. Bf2 Nf5 46. Ke4 Nd6+ 47. Kd4 Nf7 48. Kc5
Ne5 49. Be3 g5 50. a4 Nxf3 51. Kb6 Ne5 52. Kxa6 Nxc4 53. Bc1 Kd6 54. Kb5  1/2-1/2

[Event "36th Reykjavik op"]
[Site "Reykjavik ISL"]
[Date "2023.04.03"]
[Round "8.105"]
[White "Hill, Andy"]
[Black "Petursson, Gudni"]
[WhiteElo "1802"]
[BlackElo "2020"]
[Result "1/2-1/2"]
[EventDate "2023.03.29"]
[PlyCount "159"]

1. Nf3 Nf6 2. c4 e6 3. e3 d5 4. Nc3 Be7 5. b3 O-O 6. Bb2 c5 7. cxd5 exd5 8. d4 Nc6
9. Be2 Bg4 10. dxc5 Bxc5 11. O-O a6 12. Nd4 Be6 13. Na4 Bd6 14. Nxc6 bxc6 15. Rc1
Qc7 16. Bxf6 gxf6 17. Bd3 Kg7 18. Qh5 Rh8 19. Rc2 Bd7 20. Qh4 Qd8 21. f4 Qe7 22.
Rf3 Kf8 23. Qh6+ Ke8 24. Qg7 Rf8 25. Qxh7 Rb8 26. Re2 Bg4 27. Bxa6 Bxf3 28. gxf3
Bc5 29. Kf2 Ba7 30. Qc2 Kd7 31. Bd3 Qb4 32. Bf5+ Kd6 33. Qd3 Rh8 34. h3 Rhe8 35.
Kf1 Qb5 36. Kf2 Qxd3 37. Bxd3 Rb4 38. f5 Rh4 39. Nc3 Rxh3 40. Nd1 Rh2+ 41. Ke1 Rxe2+
42. Kxe2 Bc5 43. e4 Rh8 44. Kd2 Rh2+ 45. Be2 Rh8 46. Nb2 Ra8 47. a4 Bb4+ 48. Ke3
Rb8 49. Bd1 Ba5 50. Nd3 Bb6+ 51. Kd2 Rh8 52. b4 Rh2+ 53. Kc3 Rh4 54. exd5 Bd4+ 55.
Kc4 Be5+ 56. Kb3 Kxd5 57. Bc2 Bd4 58. Nc1 Kd6 59. Be4 Ba7 60. Nd3 Rh8 61. Nb2 Kc7
62. Nc4 Rd8 63. b5 cxb5 64. axb5 Bc5 65. Nb2 Kb6 66. Bc6 Bg1 67. Kb4 Bc5+ 68. Kc4
Rd4+ 69. Kc3 Kc7 70. Nc4 Rf4 71. Be4 Bb6 72. Nxb6 Kxb6 73. Kd4 Rh4 74. Kd5 Kxb5 75.
Kd6 Kc4 76. Bd5+ Kd4 77. Bxf7 Rf4 78. Ke6 Rxf3 79. Kxf6 Rxf5+ 80. Kxf5  1/2-1/2

[Event "36th Reykjavik op"]
[Site "Reykjavik ISL"]
[Date "2023.04.03"]
[Round "8.106"]
[White "Eiriksson, Sigurdur"]
[Black "Maleki, Nicolas"]
[WhiteElo "1798"]
[BlackElo "2018"]
[Result "0-1"]
[EventDate "2023.03.29"]
[PlyCount "60"]

1. d4 d5 2. c4 c6 3. Nc3 Nf6 4. e3 e6 5. Bd3 a6 6. Nge2 dxc4 7. Bxc4 b5 8. Bd3 c5
9. O-O Bb7 10. dxc5 Bxc5 11. Ng3 Nbd7 12. b3 O-O 13. Bb2 Qb6 14. Qe2 Be7 15. Rfd1
Nc5 16. Bc2 b4 17. Na4 Nxa4 18. bxa4 Rac8 19. Rac1 Rfd8 20. Bd4 Qa5 21. h3 Bc6 22.
Bxf6 Bxf6 23. Nh5 Bc3 24. Rxd8+ Rxd8 25. Rd1 Re8 26. Qc4 Qxh5 27. g4 Qxh3 28. Qxc6
Qxg4+ 29. Qg2 Qe2 30. Qc6 Qxd1+  0-1

[Event "36th Reykjavik op"]
[Site "Reykjavik ISL"]
[Date "2023.04.03"]
[Round "8.107"]
[White "Scotti, Martin"]
[Black "Schaefer, Bernd"]
[WhiteElo "1734"]
[BlackElo "2018"]
[Result "0-1"]
[EventDate "2023.03.29"]
[PlyCount "51"]

1. d4 f5 2. Bg5 Nf6 3. Bxf6 exf6 4. e3 d5 5. c4 c6 6. Qb3 a5 7. Nc3 Bb4 8. a3 Bxc3+
9. bxc3 a4 10. Qb2 O-O 11. cxd5 Qxd5 12. c4 Qe4 13. Ne2 Re8 14. Nc3 Qxd4 15. Be2
Qe5 16. Qc2 Nd7 17. O-O Nc5 18. Rad1 Be6 19. Rd4 Nb3 20. Rdd1 Nc5 21. Rd4 Nb3 22.
Rdd1 Qa5 23. h3 g6 24. Rd6 Qc5 25. Rfd1 Qxa3 26. e4  0-1

[Event "36th Reykjavik op"]
[Site "Reykjavik ISL"]
[Date "2023.04.03"]
[Round "8.108"]
[White "Carr, Jay"]
[Black "Verweij, Kees"]
[WhiteElo "1663"]
[BlackElo "2010"]
[Result "0-1"]
[EventDate "2023.03.29"]
[PlyCount "94"]

1. Nf3 Nf6 2. b3 d5 3. Bb2 c5 4. e3 Nc6 5. Bb5 Bd7 6. O-O e6 7. d3 Be7 8. Nbd2 b6
9. Qe2 a6 10. Bxc6 Bxc6 11. Ne5 Bb7 12. a4 O-O 13. f4 Nd7 14. Nxd7 Qxd7 15. Qg4 f6
16. Rf3 Rf7 17. Rg3 Raf8 18. Rf1 Bc8 19. h3 g6 20. Qe2 Rg7 21. Nf3 Bd6 22. h4 h6
23. Nh2 h5 24. Nf3 d4 25. Nd2 e5 26. Nc4 exf4 27. exf4 Re8 28. Qf3 Bb7 29. Nxb6 Qd8
30. Nd5 Bb8 31. Rxg6 Qxd5 32. Qxd5+ Bxd5 33. Rxg7+ Kxg7 34. Bc1 Re2 35. Rf2 Re1+
36. Rf1 Rxf1+ 37. Kxf1 Kg6 38. Kf2 Kf5 39. g3 Kg4 40. Bd2 Bc7 41. Be1 Bf3 42. c3
Bd1 43. cxd4 cxd4 44. a5 Bxb3 45. Bb4 Bc2 46. Bc5 Bxd3 47. Bxd4 f5  0-1

[Event "36th Reykjavik op"]
[Site "Reykjavik ISL"]
[Date "2023.04.03"]
[Round "8.109"]
[White "Mehlhorn, David"]
[Black "Pedersen, Sondre-Andreas"]
[WhiteElo "2004"]
[BlackElo "1674"]
[Result "1-0"]
[EventDate "2023.03.29"]
[PlyCount "71"]

1. e4 c5 2. Be2 Nc6 3. f4 d5 4. d3 g6 5. Nf3 Nf6 6. e5 Nh5 7. O-O Bh6 8. Ne1 Ng7
9. c3 f6 10. g4 Ne6 11. f5 Bxc1 12. Qxc1 gxf5 13. gxf5 Rg8+ 14. Kh1 Ng7 15. e6 Qd6
16. Qh6 b6 17. Qxh7 Bxe6 18. fxe6 O-O-O 19. Nf3 Ne5 20. d4 Nxf3 21. Rxf3 Rh8 22.
Ba6+ Kb8 23. Qc2 Nxe6 24. Na3 cxd4 25. Nb5 Qe5 26. cxd4 Nxd4 27. Nxd4 Qxd4 28. Rc1
Qe5 29. Rc3 Qe6 30. Re3 Qd6 31. Rc3 Qe6 32. Rc6 Qd7 33. Rc7 Qh3 34. Rb7+ Ka8 35.
Rb8+ Kxb8 36. Qc7+  1-0

[Event "36th Reykjavik op"]
[Site "Reykjavik ISL"]
[Date "2023.04.03"]
[Round "8.110"]
[White "Striskova, Lucia"]
[Black "Qiu, Andrew Yu"]
[WhiteElo "2002"]
[BlackElo "1646"]
[Result "0-1"]
[EventDate "2023.03.29"]
[PlyCount "50"]

1. e4 c5 2. Nf3 d6 3. d4 cxd4 4. Nxd4 Nf6 5. Nc3 g6 6. Be3 Bg7 7. f3 Nc6 8. Qd2 O-O
9. g4 Be6 10. O-O-O Rc8 11. h4 h5 12. Nxe6 fxe6 13. gxh5 Nxh5 14. Bh3 Qd7 15. Bh6
Ne5 16. Bxg7 Kxg7 17. Nd5 Qa4 18. Nc3 Rxc3 19. Qxc3 Rxf3 20. Rd3 Nf4 21. Re3 Ne2+
22. Rxe2 Rxc3 23. bxc3 Nc4 24. Bxe6 Qxa2 25. Bxc4 Qa1+  0-1